000 00469nam a22001817a 4500
003 MPLRDC
005 20220104125732.0
008 210129b ||||| |||| 00| 0 eng d
020 _a978-957-442-809-0
082 _a952 FRE-2
100 _aMICHAEL FREEMAN
245 _a超完美曝光
_c蔡晖瑜 译
250 _a初版
260 _a台湾
_b旗标出版股份有限公司
_c2010
300 _b
650 _a摄影技术、方法
942 _cBK
_o952 FRE-2
999 _c29720
_d29710